Statistiques concernant Calcul - Puissance de 5

Cliquez ici pour prendre le quiz!

Statistiques générales

  • Ce quiz a été pris 148 fois
  • Le résultat moyen est 7 sur 10

Statistiques - réponses

HintRéponse% Correct
5^15
100%
5^225
99%
5^3125
91%
5^4625
81%
5^53125
71%
5^615625
64%
5^778125
59%
5^8390625
50%
5^91953125
41%
5^109765625
32%

Distribution des résultats

Percentile par nombre de réponses

% des personnes avec chaque résultat

Votre développement - résultats

Vous n’avez pas pris ce quiz